Manual de Direito das Marcas

Bibliographic Details
Main Author: de Oliveira Neto, Geraldo Honr̤io
Format: Book
Language:Portuguese
Published: Brasil Pillares 2007
Subjects:
Online Access:Acceso restringido

MARC

LEADER 00000nam a22000007a 4500
005 20160413154544.0
007 cr|||| ||u|
008 160413s2007 bl ||||| |||| 00||0 por d
020 |a 978-85-89919-44-9 
035 |a 14132 
040 |a vLex  
090 |c 5998  |d 5998 
100 1 |a de Oliveira Neto, Geraldo Honr̤io 
245 1 0 |a  Manual de Direito das Marcas  |h [Recurso electrn̤ico] /  |c Geraldo Honr̤io de Oliveira Neto  
256 |a Servicio en ln̕ea  
260 |a Brasil   |b Pillares   |c 2007 
300 |a 1 recurso electrn̤ico  
500 |a Aquisiȯ̂ da propriedade, posse, direito de precedn̊cia ao registro e proteȯ̂ contra a fraude e a concorrn̊cia desleal  
506 1 |a Contenido solo disponible en los productos indicados   |d vLex Global  |d vLex Global (Academic Edition, excluding Law Schools)  |d vLex Global (U.S. Academic Edition, Law Schools)  |d vLex Global (U.S. Academic Edition, excluding Law Schools)  |d vLex Global (Academic Edition, Law Schools) 
650 0 4 |a Derecho   |z Brasil  
740 0 |a vLex libros (servicio en ln̕ea)  
856 4 0 |u http://vlex.com/source/manual-direito-marcas-14132  |z Acceso restringido  
942 |c BOOK 
999 0 |a Law   |b Brasil